000 01014nam a22003137a 4500
001 BR0301439
003 BR-BrBNA
005 20230928101255.0
007 ta
008 230509b bl.||||| |||| 00| 0 por d
040 _aBR-BrBNA
_bpor
_cBiblioteca Nacional de Agricultura
041 _a(Por)
072 _aQ03
_b9410
_b4110
090 _ 9410 BR0301439
100 1 _aBarancelli, G.V.
110 1 _aEscola Superior de Agricultura Luiz de Queiroz, Piracicaba, SP (Brasil)
_0Tese (Mestre em Ciências)
245 1 _aAvaliação de métodos para enumeração de microrganismos aeróbios mesófilos e coliformes em leite cru
260 3 _aPiracicaba, SP (Brasil):
_c2002.
300 _a87 p.
500 _aSummaries (Eng, Por); Bibliography p. 75-87; 18 illus.; 10 tables
650 _aLEITE
650 _aMICRORGANISMO
650 _aFEZES
650 _aBACTÉRIA AERÓBIA
650 _aMICROBIOLOGIA DE ALIMENTO
650 _aCONTAMINAÇÃO
909 _a202309
_bLucia
_c55
_dLucia Elande
942 _cBK
999 _c65034
_d65034